| 000 | 01651nam0a2200361 4500 | ||
|---|---|---|---|
| 001 | RU\NLR\BIBL_A\012590825 | ||
| 005 | 20211022111551.0 | ||
| 010 |
_a978-5-17-135612-5 _93000 |
||
| 021 |
_aRU _bКН-П-21-030197 _9КН-П-21-2341 |
||
| 035 | _a(NLR Aleph) 012590825 | ||
| 090 |
_a12551494 _c12551494 |
||
| 100 | _a20210903d2021 u y0rusy50 ca | ||
| 101 | 1 |
_arus _ceng |
|
| 102 | _aRU | ||
| 105 | _ay z 000ay | ||
| 181 | 0 |
_ai _baxxe |
|
| 182 | 0 | _an | |
| 200 | 1 |
_aСверхъестественное _iНикогда. Ведьмино ущелье. Остров костей _eроманы _e[по мотивам сериала] _fКит Р. А. ДеКандидо, Джефф Мариотт _gперевод с английского О. Медведь, Е. Опрышко |
|
| 203 |
_aТекст _bвизуальный _cнепосредственный |
||
| 210 |
_aМосква _cАСТ _d2021 |
||
| 215 |
_a669, [3] с. _d22 |
||
| 225 | 1 | _aСверхъестественное | |
| 327 | 1 | _aСодерж.: Никогда; Остров костей / Кит Р. А. ДеКандидо. Ведьмино ущелье / Джефф Мариотт | |
| 333 | _a16+ | ||
| 686 | 1 | _aШ6(7США)67-445(Д)(Лх1979-62(Д)) | |
| 686 | 1 | _aШ6(7США)67-445(М)(Лх1979-62(М)) | |
| 700 | 1 |
_7ca _8rus _aДе Кандидо _bК. Р. А. _f1969- _gКит Р. А. _991790 _3RU\NLR\AUTH\77108865 |
|
| 701 | 1 |
_7ca _8rus _aМариотт _bД. _f1955- _gДжефф _9179901 _3RU\NLR\AUTH\770179952 |
|
| 942 | _cBOOK | ||
| 980 | _aNB | ||